000
00225 a2200097 4500
001
41279
100
_a
Hawkey, R B
245
_a
Squash coaching and refereaing
260
_a
London
_b
Faber and feber
_c
090
_c
25482
_d
25482
942
_a
NUST-CAE
_c
M
_c
17205
999
_c
276352
_d
276352